ბათუმის შოთა რუსთაველის სახელმწიფო უნივერსიტეტის ბიბლიოთეკა

კავკასიონზე : კრებული (ბიბ.ჩანაწერი № 50633)

000 -LEADER
fixed length control field 00699nam a2200205Ia 4500
001 - CONTROL NUMBER
control field 17583
003 - CONTROL NUMBER IDENTIFIER
control field GE_BSU
008 - FIXED-LENGTH DATA ELEMENTS--GENERAL INFORMATION
fixed length control field 181216s||||||||xx |||||||||||||| ||und||
040 ## - CATALOGING SOURCE
Transcribing agency GE_BSU
245 ## - TITLE STATEMENT
Title კავკასიონზე : კრებული
245 ## - TITLE STATEMENT
Statement of responsibility, etc. შემდგ.:დ.ფურცელაძე;რედ.:ნ.კეცხოველი;მხატვ.:ო.ჯიშკარიანი
260 ## - PUBLICATION, DISTRIBUTION, ETC.
Place of publication, distribution, etc. თბილისი
260 ## - PUBLICATION, DISTRIBUTION, ETC.
Name of publisher, distributor, etc. საბჭ.საქართველო
260 ## - PUBLICATION, DISTRIBUTION, ETC.
Date of publication, distribution, etc. 1959
300 ## - PHYSICAL DESCRIPTION
Extent 374გვ.;24სმ
300 ## - PHYSICAL DESCRIPTION
Accompanying material 16 ფურც. ილ.
653 ## - INDEX TERM--UNCONTROLLED
Uncontrolled term ალპინიზმი
653 ## - INDEX TERM--UNCONTROLLED
Uncontrolled term კრებული
942 ## - ADDED ENTRY ELEMENTS (KOHA)
Koha item type წიგნი
ეგზემპლარები
Withdrawn status Lost status Damaged status Not for loan Date acquired Barcode Date last seen Price effective from Koha item type Public note
        2018-12-17 22354 2018-12-17 2018-12-17 წიგნი აგრარული ტექ.ფაკ.